| 000 | 00573nam a2200181Ia 4500 | ||
|---|---|---|---|
| 008 | 151202s9999||||xx |||||||||||||| ||und|| | ||
| 082 | _bPNVM-49902 | ||
| 100 | _aमिरासदार द.मा. | ||
| 245 | _aबेंडबाजा. | ||
| 260 | _bमेहता पब्लिशिंग हाऊस पुणे. | ||
| 260 | _c2013 | ||
| 300 | _a156 | ||
| 600 | _aमिरासदार द.मा. | ||
| 630 | _aबेंडबाजा. | ||
| 700 | _aमिरासदार द.मा. | ||
| 730 | _aबेंडबाजा. | ||
| 942 | _cBOOK | ||
| 999 |
_c1316347 _d1316344 |
||